Once Upon a Miao (No. rekod 1594)

000 -LEADER
fixed length control field 00623nam a22002057a 4500
003 - CONTROL NUMBER IDENTIFIER
control field KPN
005 - DATE AND TIME OF LATEST TRANSACTION
control field 20250605153652.0
008 - FIXED-LENGTH DATA ELEMENTS--GENERAL INFORMATION
fixed length control field 250605b 00| 0 eng d
020 ## - INTERNATIONAL STANDARD BOOK NUMBER
International Standard Book Number 9789671346501
Terms of availability RM34.90
Qualifying information paperback
040 ## - CATALOGING SOURCE
Transcribing agency KPN
082 ## - DEWEY DECIMAL CLASSIFICATION NUMBER
Edition number 23
Classification number 741.59595 JIA 2015
090 ## - LOCALLY ASSIGNED LC-TYPE CALL NUMBER (OCLC); LOCAL CALL NUMBER (RLIN)
Classification number (OCLC) (R) ; Classification number, CALL (RLIN) (NR) 741.59595 JIA 2015
Local cutter number (OCLC) ; Book number/undivided call number, CALL (RLIN) JIA
100 ## - MAIN ENTRY--PERSONAL NAME
Personal name Jian, Goh,
Relator term author
245 ## - TITLE STATEMENT
Title Once Upon a Miao
Remainder of title Stories from the Other Side of Malaysia
Statement of responsibility, etc. by Jian Goh
260 ## - PUBLICATION, DISTRIBUTION, ETC.
Place of publication, distribution, etc. Malaysia
Name of publisher, distributor, etc. Goh Kheng Swee
Date of publication, distribution, etc. 2015
300 ## - PHYSICAL DESCRIPTION
Extent 189 pages
Other physical details colour illustrations
Dimensions 21 cm
650 ## - SUBJECT ADDED ENTRY--TOPICAL TERM
Source of heading or term Comic books, strips, etc.
Geographic subdivision Malaysia
Source of heading or term Comic books and children
942 ## - ADDED ENTRY ELEMENTS (KOHA)
Source of classification or shelving scheme
Koha item type Book
Suppress in OPAC No
Pemilik
Withdrawn status Lost status Source of classification or shelving scheme Damaged status Not for loan Home library Current library Shelving location Date acquired Total Checkouts Total Renewals Full call number Barcode Date last seen Date last checked out Price effective from Koha item type
          Perpustakaan Kementerian Perpaduan Malaysia Perpustakaan Kementerian Perpaduan Malaysia Non- Fiction Rack - Art and Recreation 16/07/2025 3 1 741.59595 JIA 2015 KPN25070001 02/03/2026 20/02/2026 16/07/2025 Book